000 00468cam a2200169 4500
001 3613
005 20181127171618.0
008 070228s2007 nyu 000 1 eng
010 _a 2007008679
020 _a9780747585893 (alk. paper)
100 1 _aHosseini, Khaled.
245 1 2 _aA thousand splendid suns /
_cKhaled Hosseini.
260 _aLondon :
_bBloomsbury,
_c2008.
300 _a419 p. ;
_c24 cm.
650 0 _aFamilies
_vFiction.
651 0 _aAfghanistan
_vFiction.
999 _c2943
_d2943